00413nam a2200181Ia 4500008004100000020001800041050001400059100001600073245002300089245001900112260001500131260001600146260000900162300001500171300002700186300001000213500000800223170918s9999 xx 000 0 und d a9780439876391 bB344 2006 aBauer, Jeff aPerfect pumpkins / cby Jeff Bauer. aNew York : bScholastic, c2006 a16 pages : bcolored illustration ; c23cm. a500